| 000 | 00473nam a2200181Ia 4500 | ||
|---|---|---|---|
| 003 | LK-CoDNM | ||
| 008 | 010623t1992 xxu||||| |||| 00| 1 eng d | ||
| 040 |
_aLK-CoDNM _dLK-CoDNM _eLK-CoDNM |
||
| 041 | _aeng | ||
| 080 |
_a36.011.33 _bHAB |
||
| 100 | _aBrand, Peter Charles | ||
| 245 | _aCommunity participation proceedings | ||
| 260 |
_bHabinet _aColombia _c1992 |
||
| 300 | _b(vi)169, 28 cm | ||
| 650 | _aColombian papers | ||
| 700 | _aHabinet, Medellin | ||
| 942 | _cBK | ||
| 999 |
_c115441 _d115441 |
||